Statistics for Periodická soustava prvků

Click here to take the quiz!

General Stats

  • This quiz has been taken 143 times
  • The average score is 40 of 71

Answer Stats

HintAnswer% Correct
LiLithium
97%
HeHelium
95%
HVodík
92%
PFosfor
91%
OKyslík
91%
FeŽelezo
90%
ZnZinek
90%
Bbor
88%
AlHliník
88%
SSíra
88%
CuMěď
87%
ClChlor
86%
KDraslík
86%
MgHořčík
86%
TiTitan
86%
Ndusík
84%
Sikřemík
84%
NiNikl
84%
BrBrom
83%
FFluor
82%
NaSodík
82%
Cuhlík
81%
CoKobalt
79%
MnMangan
79%
Neneon
79%
CaVápník
78%
BeBerylium
75%
CrChrom
75%
SeSelen
75%
VVanad
74%
AsArsen
69%
GeGermanium
69%
ArArgon
68%
RbRubidium
61%
KrKrypton
60%
AgStříbro
56%
GaGallium
55%
SrStroncium
52%
MoMolybden
48%
SnCín
44%
IJod
43%
XeXenon
43%
AuZlato
42%
ScSkandium
39%
InIndium
36%
HgRtuť
36%
ZrZirkonium
36%
NbNiob
34%
BaBaryum
32%
PtPlatina
32%
RhRhodium
32%
TeTellur
32%
YYttrium
32%
CsCesium
31%
PbOlovo
31%
OsOsmium
31%
WWolfram
31%
CdKadmium
30%
SbAntimon
29%
HfHafnium
29%
PdPalladium
26%
IrIridium
22%
RuRuthenium
21%
TcTechnecium
21%
BiBismut
19%
TaTantal
18%
AtAstat
17%
PoPolonium
14%
RnRadon
13%
ReRhenium
10%
TlThallium
9%

Score Distribution

Percentile by Number Answered

Percent of People with Each Score

Your Score History

You have not taken this quiz